Institutiones Theologiae Theoreticae seu dogmatico-polemicae
Gardado en:
| Autor Principal: | |
|---|---|
| Formato: | Libro |
| Idioma: | latín |
| Publicado: |
Turín
Typographia Pontificia et Archiepiscopalis
1888
|
| Edición: | 1a. ed |
| Subjects: | |
| Tags: |
Engadir etiqueta
Sen Etiquetas, Sexa o primeiro en etiquetar este rexistro!
|
MARC
| LEADER | 00000cam a2200000 a 4500 | ||
|---|---|---|---|
| 001 | UCD2416 | ||
| 003 | CL-VaPUC | ||
| 008 | 160428e18880000it |||||||||||||||||lat|d | ||
| 082 | 0 | 4 | |a 234.16 |b BUL |2 21 |
| 100 | 0 | |a Bulsano, Alberti Knoll A |e author |9 585765 | |
| 245 | 1 | 0 | |a Institutiones Theologiae Theoreticae seu dogmatico-polemicae |
| 250 | |a 1a. ed | ||
| 300 | |a v | ||
| 942 | |c BK | ||
| 945 | |d 20160428 21:50:00 |a dcastane | ||
| 260 | |a Turín |b Typographia Pontificia et Archiepiscopalis |c 1888 | ||
| 650 | 0 | |a Teología dogmática |9 313198 | |
| 583 | |a last modification |c 20160428 21:50:00 |k Rodrigo Vera | ||
| 999 | |c 363578 |d 363576 | ||
| 952 | |0 0 |1 0 |3 erd |4 0 |6 234_160000000000000_BUL_1888 |7 0 |8 X |9 476047 |a BIBTEO |b BIBTEO |c TEO_FFR |h v.1 |i 5226961 |o 234.16 BUL 1888 |p 5226961 |r 2024-01-18 |w 2019-11-24 |y BK_X |z Catalogado en:20160428 |k OFM | ||
| 952 | |0 0 |1 0 |3 erd |4 0 |6 234_160000000000000_BUL_1888 |7 0 |8 X |9 476048 |a BIBTEO |b BIBTEO |c TEO_FFR |h v.1 |i 522697K |o 234.16 BUL 1888 |p 522697K |r 2024-01-18 |w 2019-11-24 |y BK_X |z Catalogado en:20160428 |k OFM | ||
| 952 | |0 0 |1 0 |3 erd |4 0 |6 234_160000000000000_BUL_1888 |7 0 |8 X |9 476049 |a BIBTEO |b BIBTEO |c TEO_FFR |h v.1 |i 5226988 |o 234.16 BUL 1888 |p 5226988 |r 2024-01-18 |w 2019-11-24 |y BK_X |z Catalogado en:20160428 |k OFM | ||
| 952 | |0 0 |1 0 |3 erd |4 0 |6 234_160000000000000_BUL_1888 |7 0 |8 X |9 476050 |a BIBTEO |b BIBTEO |c TEO_FFR |h v.2 |i 5226996 |o 234.16 BUL 1888 |p 5226996 |r 2024-01-18 |w 2019-11-24 |y BK_X |z Catalogado en:20160428 |k OFM | ||
| 952 | |0 0 |1 0 |3 erd |4 0 |6 234_160000000000000_BUL_1888 |7 0 |8 X |9 476051 |a BIBTEO |b BIBTEO |c TEO_FFR |h v.2 |i 5227003 |o 234.16 BUL 1888 |p 5227003 |r 2024-01-18 |w 2019-11-24 |y BK_X |z Catalogado en:20160428 |k OFM | ||
| 952 | |0 0 |1 0 |3 erd |4 0 |6 234_160000000000000_BUL_1888 |7 0 |8 X |9 476052 |a BIBTEO |b BIBTEO |c TEO_FFR |h v.2 |i 5227011 |o 234.16 BUL 1888 |p 5227011 |r 2024-01-18 |w 2019-11-24 |y BK_X |z Catalogado en:20160428 |k OFM | ||
| 952 | |0 0 |1 0 |3 erd |4 0 |6 234_160000000000000_BUL_1888 |7 0 |8 X |9 476053 |a BIBTEO |b BIBTEO |c TEO_FFR |h v.3 p.3 |i 522702K |o 234.16 BUL 1888 |p 522702K |r 2024-01-18 |w 2019-11-24 |y BK_X |z Catalogado en:20160428 |k OFM | ||
| 952 | |0 0 |1 0 |3 erd |4 0 |6 234_160000000000000_BUL_1888 |7 0 |8 X |9 476054 |a BIBTEO |b BIBTEO |c TEO_FFR |h v.4 p.4 |i 5227038 |o 234.16 BUL 1888 |p 5227038 |r 2024-01-18 |w 2019-11-24 |y BK_X |z Catalogado en:20160428 |k OFM | ||
| 952 | |0 0 |1 0 |3 erd |4 0 |6 234_160000000000000_BUL_1888 |7 0 |8 X |9 476055 |a BIBTEO |b BIBTEO |c TEO_FFR |h v.5 |i 5227046 |o 234.16 BUL 1888 |p 5227046 |r 2024-01-18 |w 2019-11-24 |y BK_X |z Catalogado en:20160428 |k OFM | ||
| 952 | |0 0 |1 0 |3 erd |4 0 |6 234_160000000000000_BUL_1888 |7 0 |8 X |9 476056 |a BIBTEO |b BIBTEO |c TEO_FFR |h v.6 p.5 |i 5227054 |o 234.16 BUL 1888 |p 5227054 |r 2024-01-18 |w 2019-11-24 |y BK_X |z Catalogado en:20160428 |k OFM | ||
| 952 | |0 0 |1 0 |3 erd |4 0 |6 234_160000000000000_BUL_1888 |7 0 |8 X |9 476057 |a BIBTEO |b BIBTEO |c TEO_FFR |h v.7 |i 5227062 |o 234.16 BUL 1888 |p 5227062 |r 2024-01-18 |w 2019-11-24 |y BK_X |z Catalogado en:20160428 |k OFM | ||